Studies in a Mosque / (Record no. 20845)
[ view plain ]
| 000 -LEADER | |
|---|---|
| fixed length control field | 00769cam a22002771 4500 |
| 001 - CONTROL NUMBER | |
| control field | 9884576 |
| 003 - CONTROL NUMBER IDENTIFIER | |
| control field | BDDh-ASL |
| 005 - DATE AND TIME OF LATEST TRANSACTION | |
| control field | 20231015025937.0 |
| 008 - FIXED-LENGTH DATA ELEMENTS--GENERAL INFORMATION | |
| fixed length control field | 771117r19661883xx 000 0 eng |
| 010 ## - LIBRARY OF CONGRESS CONTROL NUMBER | |
| LC control number | 67005083 |
| 035 ## - SYSTEM CONTROL NUMBER | |
| System control number | (OCoLC)3427677 |
| 040 ## - CATALOGING SOURCE | |
| Original cataloging agency | DLC |
| Transcribing agency | OC |
| Modifying agency | OCoLC |
| -- | DLC |
| -- | BDDh-ASL |
| 042 ## - AUTHENTICATION CODE | |
| Authentication code | premarc |
| 050 00 - LIBRARY OF CONGRESS CALL NUMBER | |
| Classification number | BP52 |
| Item number | .L3 1966 |
| 082 ## - DEWEY DECIMAL CLASSIFICATION NUMBER | |
| Classification number | 297.35 |
| Item number | LAS |
| 100 2# - MAIN ENTRY--PERSONAL NAME | |
| Personal name | Lane-Poole, Stanley, |
| Dates associated with a name | 1854-1931. |
| 245 10 - TITLE STATEMENT | |
| Title | Studies in a Mosque / |
| 260 ## - PUBLICATION, DISTRIBUTION, ETC. | |
| Place of publication, distribution, etc. | Beirut : |
| Name of publisher, distributor, etc. | Khayats, |
| Date of publication, distribution, etc. | 1966. |
| 300 ## - PHYSICAL DESCRIPTION | |
| Extent | viii, 288 p. : |
| Dimensions | 22 cm. |
| 490 0# - SERIES STATEMENT | |
| Series statement | Khayats oriental reprints, |
| Volume/sequential designation | no. 21 |
| 500 ## - GENERAL NOTE | |
| General note | Reprint of the 1883 ed. |
| 650 #0 - SUBJECT ADDED ENTRY--TOPICAL TERM | |
| Topical term or geographic name entry element | Islam. |
| 650 #0 - SUBJECT ADDED ENTRY--TOPICAL TERM | |
| Topical term or geographic name entry element | Islamic civilization. |
| 906 ## - LOCAL DATA ELEMENT F, LDF (RLIN) | |
| a | 7 |
| b | cbc |
| c | oclcrpl |
| d | u |
| e | ncip |
| f | 19 |
| g | y-gencatlg |
| 942 ## - ADDED ENTRY ELEMENTS (KOHA) | |
| Source of classification or shelving scheme | Dewey Decimal Classification |
| Koha item type | Books |
| Withdrawn status | Lost status | Source of classification or shelving scheme | Damaged status | Not for loan | Collection code | Home library | Current library | Shelving location | Date acquired | Source of acquisition | Total Checkouts | Full call number | Barcode | Date last seen | Copy number | Price effective from | Koha item type | Public note |
|---|---|---|---|---|---|---|---|---|---|---|---|---|---|---|---|---|---|---|
| Dewey Decimal Classification | Not For Loan | Non-fiction | Asiatic Society Library | Asiatic Society Library | General Stacks | 01/14/2021 | ASB Library Collections | 297.35 LAS | 104351 | 01/14/2021 | C-1 | 01/14/2021 | Books | RARE |